Cultura Geral - Statistics

Estatísticas Gerais
  • Esse quiz foi jogado 8 vezes
  • A pontuação média é 6 de 15
Estatísticas das Respostas
Hint Resposta % Correto
Que nome damos á perda de memória que pode ser total ou parcial, constante ou episódica, temporária ou permanente dependendo das causas? Amnésia
67%
Que nome damos á perturbação do sono caracterizada por dificuldade em adormecer ou manter-se adormecido durante o tempo desejado? Insónia
67%
Que nome damos á ciência que estuda o passado através de vestígio material? Arqueologia
50%
Que nome damos ao método que permite compor, enviar e receber mensagens através de sistemas eletrônicos de comunicação? E-mail
50%
Que nome damos á alma ou espírito de uma pessoa ou animal falecido que pode aparecer para os vivos? Fantasma
50%
Em que estado dos EUA podemos encontrar a cidade de Cincinnati? Ohio
50%
Que nome damos ao pré-julgamento ou formação de opinião antes de possuir conhecimento dos factos relevantes de um caso? Preconceito
50%
Que nome damos á prática e estudo de técnicas de comunicação segura na presença de terceiros? Criptografia
33%
Que nome damos á mistura pastosa de terra, argila e água? Lama
33%
Que ramo da ciência estuda as deformações e escoamentos da matéria? Reologia
33%
Que nome damos a um dispositivo de fazer barulho alto utilizada para fazer soar alarmes sonoro? Sirene
33%
Que nome damos á situação meteorológica caracterizada pela presença de raios e seu efeito acústico na atmosfera terrestre conhecida por trovão? Trovoada
33%
Em que estado dos EUA podemos encontrar a Universidade de Princeton? New Jersey
17%
Em música, que nome damos ao intervalo entre uma nota musical e outra com a metade ou o dobro de sua frequência? Oitava
17%
Em que estado dos EUA podemos encontrar a cidade de Tacoma? Washington
17%
Nenhum quiz correspondente encontrado
Distribuição das Pontuações
Porcentagem de Pessoas com Cada Pontuação
Percentil de Números Respondidos
Sua Pontuação Histórica
Você não jogou esse quiz